| 000 | 00556nam a22001937a 4500 | ||
|---|---|---|---|
| 003 | SISC | ||
| 005 | 20160203153324.0 | ||
| 008 | 130902t xxu||||| |||| 00| 0 eng d | ||
| 050 |
_aTA 157 _b.F996 1961 |
||
| 082 |
_aHS 620.69 _bF95 1961 |
||
| 100 |
_aFutrell, A.W. Jr _916184 |
||
| 245 |
_aOrientation to Engineering / _cA.W. Futrell Jr. |
||
| 260 |
_aColumbus, Ohio : _bCharles E. Merrill Books, _cc1961. |
||
| 300 |
_a250 p. : _bill. ; _c23 cm. |
||
| 500 | _aIncludes Index | ||
| 650 |
_aEngineering. _914782 |
||
| 942 |
_2lcc _cBK |
||
| 999 |
_c10183 _d10183 |
||